La Carrera i la professió de bibliotecària de Catalunya / Escola Superior de Bibliotecàries
Descripción Física:
[8] p. : il. ; 21 cm
MARC
| LEADER | 00000nam a2200000Ia 4500 | ||
|---|---|---|---|
| 001 | 18619 | ||
| 008 | 160829s1920 xx 000 0 cat d | ||
| 080 | |a RF-3-33 | ||
| 100 | |a Escola Superior de Bibliotecàries | ||
| 245 | |a La Carrera i la professió de bibliotecària de Catalunya / Escola Superior de Bibliotecàries | ||
| 260 | |a Barcelona : |b Mancomunitat de Catalunya, |c 1920 | ||
| 300 | |a [8] p. : |b il. ; |c 21 cm | ||
| 590 | |a Prové de 3271, exp. 9. | ||
| 590 | |a Hi ha un altre exemplar a 3271, exp. 2 | ||
| 610 | 2 | 0 | |a Escola Superior de Bibliotecàries |9 54867 |
| 650 | |a Biblioteconomia |x Ensenyament |9 32844 | ||
| 710 | 2 | |a Catalunya. |b Mancomunitat |9 53015 | |
| 856 | 4 | |u https://media.diba.cat/diba/fitxers/arxiu/fulletons/bib_18619_1920_baixa.pdf |y Accés lliure | |
| 856 | 4 | |u https://media.diba.cat/diba/fitxers/arxiu/fulletons/bib_18619_1920_baixa.pdf |y Accés lliure | |
| 901 | |a Arxiu | ||
| 942 | |n 1 |2 udc | ||
| 952 | |0 0 |1 0 |4 0 |6 RF333 |7 1 |9 54678 |a Arxiu |b Arxiu |d 2016-12-01 |l 0 |o RF-3-33 |p 18619 |r 2016-12-01 00:00:00 |w 2016-12-01 |y ARXIU | ||
| 999 | |c 58547 |d 58547 | ||
| 900 | |a bib_18619_1920_baixa.pdf | ||